| 000 | 00641nam a22002290a 4500 | ||
|---|---|---|---|
| 001 | PT36150 | ||
| 003 | AR-LpoUNG | ||
| 005 | 20230307152413.0 | ||
| 007 | kk ||| | ||
| 040 |
_aAR-LpoUNG _bspa _cAR-LpoUNG _eaacr |
||
| 082 | 0 | _a982.065 68arg | |
| 110 | 2 | _aArgentina kommittén | |
| 245 | 0 | 0 | _aArgentina 78 [afiche] |
| 300 | _a1 lám. : byn : 32 x 44 cm. | ||
| 500 | _aEl afiche pertenece a la colección de Derechos Humanos del Sr. Carlos Martinez Vidal. El item se encuentra enmarcado. | ||
| 650 | 4 | _aARGENTINA | |
| 650 | 4 | _aDERECHOS HUMANOS | |
| 650 | 4 | _aDICTADURA | |
| 650 | 4 | _aHISTORIA POLITICA | |
| 905 | _a36150 | ||
| 942 | _cAFICHE | ||
| 999 |
_c63872 _d63872 |
||